THE BHAGWAT GEETA (Record no. 211292)
[ view plain ]
| 000 -LEADER | |
|---|---|
| fixed length control field | 00529nam a22001937a 4500 |
| 005 - DATE AND TIME OF LATEST TRANSACTION | |
| control field | 20250515164023.0 |
| 010 ## - LCCN (DPL NO) | |
| LC control number | ENG-144915 |
| 020 ## - INTERNATIONAL STANDARD BOOK NUMBER | |
| Terms of availability | 150.00 |
| 035 ## - SYSTEM CONTROL NUMBER | |
| System control number | EN-128427 |
| 037 ## - SOURCE OF ACQUISITION | |
| Source of stock number/acquisition | DBAD |
| 082 ## - DEWEY DECIMAL CLASSIFICATION NUMBER | |
| Classification number | 23.2 |
| 100 ## - MAIN ENTRY--PERSONAL NAME | |
| Personal name | Paranjpe,Sangeeta H |
| 245 ## - TITLE STATEMENT | |
| Title | THE BHAGWAT GEETA |
| Statement of responsibility, etc | Sangeeta H,Paranjpe |
| 260 ## - PUBLICATION, DISTRIBUTION, ETC. (IMPRINT) | |
| Place of publication, distribution, etc | Mumbai |
| Name of publisher, distributor, etc | Sangeeta H Paranjpe |
| Date of publication, distribution, etc | 2012 |
| 270 ## - ADDRESS | |
| Address | 44/101,Amrutvani,15th Road |
| City | Mumbai |
| Postal code | 400071 |
| Telephone number | 9930464705 |
| 300 ## - PHYSICAL DESCRIPTION | |
| Extent | 297p. |
| Dimensions | 21cm(pb) |
| 760 ## - MAIN SERIES ENTRY | |
| Edition | 1 |
| 942 ## - ADDED ENTRY ELEMENTS (KOHA) | |
| Source of classification or shelving scheme | Dewey Decimal Classification |
| Item type | English Books |
| Classification part | 23.2 |
| Call number suffix | PSH |
| Withdrawn status | Lost status | Not for loan | Home library | Current library | Date acquired | Source of acquisition | Cost, normal purchase price | Full call number | Barcode | Copy number | Koha item type |
|---|---|---|---|---|---|---|---|---|---|---|---|
| Janak Puri | Janak Puri | 15/05/2025 | DBAD | 150.00 | 23.2 PSH | EN-128447 | 1 | English Books |
